Cargando...

Some thermodynamic aspects of inorganic chemistry /

Detalles Bibliográficos
Autor principal: Johnson, D A.
Formato: Printed Book
Lenguaje:English
Publicado: Cambridge : Cambridge University Press , 1982.
Edición:Ed.2 / .
Materias:
LEADER 00666cam a2200205ua 4500
008 051209s1982 g b000 u eng u
020 |a 0-521-28521-6  |c P 9.50 
044 |a   
082 1 4 |a 546 M2 
100 1 |a Johnson, D A. 
245 0 0 |a Some thermodynamic aspects of inorganic chemistry /   |h Textual Documents 
250 |a Ed.2 / . 
260 |a Cambridge : Cambridge University Press ,   |c 1982. 
300 |a  ;  
365 |a P 9.50 
650 0 |a Chemistry inorganic 
650 0 |a Thermodynamics 
942 |c BK 
999 |c 104884  |d 104884 
952 |0 0  |1 0  |4 0  |6 546_000000000000000_M2  |7 0  |9 99534  |a SCS  |b SCS  |d 2014-06-26  |h P 9.50  |l 0  |o 546 M2  |p SCS00414  |r 2014-06-26  |w 2014-06-26  |y BK